Statistics for Empty European Map without 10 Random Countries

Click here to take the quiz!

General Stats

  • This quiz has been taken 9,468 times
  • The average score is 9 of 10

Answers on the Map

Answers color-coded by a green-red scale on the quiz's map according to % correct below.
 

Answer Stats

Country% Correct
France
99%
Germany
99%
Sweden
99%
Italy
98%
United
Kingdom
98%
Poland
97%
Spain
97%
Austria
96%
Finland
96%
Ukraine
96%
Switzerland
95%
Russia
94%
Belarus
93%
Norway
93%
Czech
Republic
92%
Romania
92%
Serbia
91%
Slovakia
91%
Hungary
89%
Lithuania
89%
Croatia
88%
Luxembourg
88%
Belgium
87%
Bosnia and
Herzegovina
87%
Moldova
87%
Portugal
87%
Greece
86%
Latvia
85%
Slovenia
85%
Denmark
84%
North
Macedonia
84%
Bulgaria
83%
Kosovo
83%
Ireland
82%
Albania
78%
Netherlands
77%
Estonia
75%
Montenegro
74%
Iceland
65%

Score Distribution

Percentile by Number Answered

Percent of People with Each Score

Your Score History

You have not taken this quiz